Normal view
MARC view
- ORGANIZATIONAL BEHAVIOR
Entry Topical Term
001 - CONTROL NUMBER
- control field: 2934
003 - CONTROL NUMBER IDENTIFIER
- control field: JO-AjAnu
005 - DATE AND TIME OF LATEST TRANSACTION
- control field: 20230606070802.0
008 - FIXED-LENGTH DATA ELEMENTS
- fixed length control field: 230606|| aca||aabn | a|a d
040 ## - CATALOGING SOURCE
- Original cataloging agency: JO-AjAnu
- Transcribing agency: JO-AjAnu
150 ## - HEADING--TOPICAL TERM
- Topical term or geographic name entry element: ORGANIZATIONAL BEHAVIOR
670 ## - SOURCE DATA FOUND
- Source citation: Work cat.: (JO-AjAnu)1537: Hellriegel,Don/John W W.Slocum/Richard W.Woodman, author 2933, ORGANIZATIONAL BEHAVIOR